Information Technology in College Libraries: (Record no. 185760)

MARC details
000 -LEADER
fixed length control field 00705nam a22001937a 4500
005 - DATE AND TIME OF LATEST TRANSACTION
control field 20220209112306.0
010 ## - LCCN (DPL NO)
LC control number ENG-131473
020 ## - INTERNATIONAL STANDARD BOOK NUMBER
International Standard Book Number 978-93-90436-34-7
Terms of availability 1195.00
035 ## - SYSTEM CONTROL NUMBER
System control number EN-115005
037 ## - SOURCE OF ACQUISITION
Source of stock number/acquisition DBAD
082 ## - DEWEY DECIMAL CLASSIFICATION NUMBER
Classification number 027.7
100 ## - MAIN ENTRY--PERSONAL NAME
Personal name Sinha, Ruchi Rajesh
245 ## - TITLE STATEMENT
Title Information Technology in College Libraries:
Remainder of title Concepts, Methods and Techniques/
Statement of responsibility, etc Ruchi Rajesh Sinha & Dilip Kumar Agarwal
260 ## - PUBLICATION, DISTRIBUTION, ETC. (IMPRINT)
Place of publication, distribution, etc Mumbai
Name of publisher, distributor, etc Himalaya Publishing House Pvt. Ltd.
Date of publication, distribution, etc 2020
270 ## - ADDRESS
Address Dr. Bhalerao Marg, Girgaon
City Mumbai
Postal code 400004
Electronic mail address himpub@bharatmail.co.in
Telephone number 022-23860170
300 ## - PHYSICAL DESCRIPTION
Extent 155 p.
Dimensions 22cm(hbk)
Other physical details Bibliography
700 ## - ADDED ENTRY--PERSONAL NAME
Personal name Agarwal, Dilip Kumar
942 ## - ADDED ENTRY ELEMENTS (KOHA)
Source of classification or shelving scheme Dewey Decimal Classification
Item type English Books
Classification part 027.7
Call number suffix SIN
Holdings
Withdrawn status Lost status Not for loan Collection code Home library Current library Date acquired Source of acquisition Cost, normal purchase price Full call number Barcode Copy number Cost, replacement price Koha item type
      Non-fiction Bawana Bawana 09/02/2022 DBAD/PUB 1195.00 027.7 SIN EN-115005 1 1195.00 English Books

© Delhi Public Library
Hit Counter
free hit counter